000 00669nam a2200289Ia 4500
005 20260324111542.0
008 008 260324s9999 xx 000 0 eng d
020 _a9781003615071
037 _aEBOOK
040 _aCRL
040 _beng
040 _cCRL
041 _2eng
041 _aeng
084 _qCRL
100 _aLina Malfona
_91139037
245 4 _aThe Mannerist Phase in Architecture
245 0 _bOn Early Style
260 _bTaylor and Francis
260 _c2025
365 _a
365 _b83.99
856 _uhttp://www.taylorfrancis.com/books/9781003615071
942 _cEBOOK
999 _c1727903
_d1727903